000
00264nam a2200097Ia 4500
001
724938
005
20250826163359.0
008
250824s9999 xx 000 0 und d
245
0
_a
TEPEKENT BİR KÖYÜN KÜLTÜREL DOKUSU
_c
KÖKSAL ALVER
260
_b
ÇİZGİ YAYINLARI
999
_c
724938
_d
724938